000 00223nam a2200097Ia 4500
005 20251222114406.0
008 251222s1900||||xx |||||||||||||| ||spa||
082 _aDVD0097/C64/1991
245 0 _aNueva Experiencia:
942 _cDVD
999 _c1857
_d1857